000 00791nam a2200253Ia 4500
003 OSt
005 20220925212348.0
006 a|||||r|||| 00| 0
007 ta
008 220923b |||||||| |||| 00| 0 eng d
037 _cGeneral Book
040 _aRTL
_cRTL
_beng
041 _2eng
_aeng
082 _aB28910bX:8:(S:44), L8
100 _aBrown Kenneth S
_9127540
245 0 _aQuantitative methods for managerial decisions
260 _aLondon
_bAddison-Wesley Publishing
_c1978
300 _axix,569p.
_ccm.
500 _aBibliography P 492-505; Appendix P 506-38
650 _aLinear Programming
700 _a Re-Velle Jack B
_9276720
942 _hB28910bX:8:(S:44), L8
_cGB
_2CC
999 _c560215
_d560215